00453nam a2200145Ia 4500008004100000100001700041245008400058245001700142260003900159260000900198300000800207650001800215650001500233856005900248170221s9999 xx 000 0 und d aSean Brayton aFamily Matters: Neoliberal Narratives of Welfare Capitalism in Undercover Boss  cSean Brayton bStudies in Media and Communication c2012 a4 : xCommunication xMedia Arts uhttp://redfame.com/journal/index.php/smc/issue/view/21